000 00443nam a2200181 a 4500
001 13715
003 CO-ViMGA
008 141112s2004 ck r 000 u spa d
020 _a8482802526
040 _aCO-ViMGA
_bspa
_cCO-ViMGA
082 _aPERpa
100 1 _aPerrault,
_96369
245 1 0 _aEl patito feo
260 _aSantafé de Bogotá :
_bOveja Negra,
_cs.f.
300 _a10
650 1 4 _aCUENTOS INFANTILES
_92743
942 _2ddc
_cBK
999 _c11454
_d11454